01065cam a22002651 450000100060000000300080000600500170001400800390003103500190007003500140008904000300010304100080013308200130014110000460015424502390020025000160043926000370045530000460049250400200053865000450055865000330060394200120063699900170064895201340066517796BD-RjUL20211209000208.0140219s1936 enk 001 0 eng a(BD-RjUL)17854 a(BD-RjUL) aDLCcTxCMdTxCMdDLCbeng aeng a624bANF1 aAndrews, Ewart S.q(Ewart Sigmund)95490810aFurther problems in the theory and design of structures;ban advanced text-book for the use of students, draughtsmen, and engineers engaged in constructional work,cby Ewart S. Andrews. With numerous illustrations and worked examples. a2d ed. Rev. aLondon :bChapman & Hall,c1936. aviii, 236 p. :btables, diagrs. ;c22 cm. aIncludes index. 0aStructural analysis (Engineering)923678 0aStrains and stresses.927077 2ddccBK c17796d17796 00102ddc40708NFICaRUCLbRUCLcStackd1976-06-24eWorld Bankg0.00l0o624 ANF 1936r2014-02-19 00:00:00tC-2w2014-02-19yBK